00493nam a2200145Ia 4500008004100000041000800041082001200049100001800061245004500079260004500124300003200169365001100201999001700212952011800229240624s9999 xx 000 0 und d aeng a320 TIL aTILLIN LOUISE aPOLITICS OF WELFARE COMPARISONS ACROSS I c2015aNew DelhibOxford University Press axiii, : 237 : p. : cm. ; 22 cRSb31 c26999d26999 00104070aIMTNbIMTNcRack 5-Bd2016-03-23eBWNg850.00o320 TILp26999r2024-06-24 00:00:00t1w2024-06-24yBK